[Event "MMK2014"]
[Site "?"]
[Date "2014.08.15"]
[Round "7.5"]
[White "Brzeski, Maciej"]
[Black "Bures, Jaroslav"]
[Result "1/2-1/2"]
[LiveChessVersion "1.4.2"]
[BlackElo "2410"]
[WhiteElo "2338"]

1. e4 {[%clk 1:30:58]} c6 {[%clk 1:26:07]} 2. d4 {[%clk 1:31:05]} d5
{[%clk 1:26:22]} 3. Nc3 {[%clk 1:30:27]} dxe4 {[%clk 1:26:48]} 4. Nxe4
{[%clk 1:30:53]} Bf5 {[%clk 1:27:14]} 5. Ng3 {[%clk 1:31:12]} Bg6
{[%clk 1:27:40]} 6. h4 {[%clk 1:31:11]} h6 {[%clk 1:28:06]} 7. Nf3
{[%clk 1:31:21]} Nd7 {[%clk 1:28:31]} 8. h5 {[%clk 1:31:44]} Bh7 {[%clk 1:28:58]}
9. Bd3 {[%clk 1:32:12]} Bxd3 {[%clk 1:29:24]} 10. Qxd3 {[%clk 1:32:38]} e6
{[%clk 1:29:50]} 11. Bf4 {[%clk 1:32:26]} Qa5+ {[%clk 1:30:16]} 12. Bd2
{[%clk 1:32:53]} Bb4 {[%clk 1:30:43]} 13. c3 {[%clk 1:31:45]} Be7
{[%clk 1:31:07]} 14. c4 {[%clk 1:32:02]} Qc7 {[%clk 1:31:32]} 15. O-O-O
{[%clk 1:26:33]} Ngf6 {[%clk 1:31:57]} 16. Rhe1 {[%clk 1:17:47]} O-O
{[%clk 1:32:19]} 17. Ne5 {[%clk 1:10:59]} c5 {[%clk 1:25:57]} 18. Nxd7
{[%clk 1:07:09]} Qxd7 {[%clk 1:26:24]} 19. d5 {[%clk 1:07:16]} Rfe8
{[%clk 1:23:01]} 20. Bc3 {[%clk 0:43:22]} exd5 {[%clk 1:22:53]} 21. cxd5
{[%clk 0:43:17]} Ng4 {[%clk 1:22:02]} 22. Qf3 {[%clk 0:39:48]} Bg5+
{[%clk 0:56:38]} 23. Kb1 {[%clk 0:39:31]} Nf6 {[%clk 0:57:06]} 24. Nf5
{[%clk 0:37:35]} Rxe1 {[%clk 0:56:00]} 25. Rxe1 {[%clk 0:37:22]} Nxh5
{[%clk 0:54:39]} 26. g4 {[%clk 0:28:30]} Nf6 {[%clk 0:50:02]} 27. Bxf6
{[%clk 0:21:53]} Bxf6 {[%clk 0:49:50]} 28. Nxh6+ {[%clk 0:22:12]} Kf8
{[%clk 0:45:28]} 29. Nf5 {[%clk 0:21:41]} g6 {[%clk 0:45:30]} 30. Ne3
{[%clk 0:20:53]} Bd4 {[%clk 0:42:47]} 31. Nc4 {[%clk 0:20:40]} Re8
{[%clk 0:33:28]} 32. Re4 {[%clk 0:19:43]} b5 {[%clk 0:24:26]} 33. Rxe8+
{[%clk 0:17:36]} Qxe8 {[%clk 0:24:52]} 34. Ne3 {[%clk 0:17:33]} Qe5
{[%clk 0:25:02]} 35. b3 {[%clk 0:17:12]} a6 {[%clk 0:24:01]} 36. Nc2
{[%clk 0:17:03]} Ke7 {[%clk 0:23:11]} 37. Nxd4 {[%clk 0:17:01]} Qxd4
{[%clk 0:21:59]} 38. Kc2 {[%clk 0:14:31]} Qe5 {[%clk 0:20:52]} 39. a4
{[%clk 0:13:09]} f5 {[%clk 0:19:24]} 40. axb5 {[%clk 0:12:29]} axb5
{[%clk 0:19:51]} 41. d6+ {[%clk 0:07:55]} Kxd6 {[%clk 0:19:59]} 42. Qd3+
{[%clk 0:08:14]} Kc6 {[%clk 0:19:56]} 43. f3 {[%clk 0:08:37]} Qh2+
{[%clk 0:19:29]} 44. Kb1 {[%clk 0:08:35]} Qg1+ {[%clk 0:19:57]} 45. Kc2
{[%clk 0:08:55]} Qf2+ {[%clk 0:20:26]} 46. Kb1 {[%clk 0:09:09]} Qe1+
{[%clk 0:18:29]} 47. Kc2 {[%clk 0:09:13]} Qe6 {[%clk 0:18:55]} 48. Qd8
{[%clk 0:04:24]} fxg4 {[%clk 0:18:51]} 49. fxg4 {[%clk 0:04:49]} c4
{[%clk 0:14:14]} 50. Qa8+ {[%clk 0:03:21]} Kc5 {[%clk 0:14:42]} 51. Qf8+
{[%clk 0:03:13]} Kd4 {[%clk 0:13:57]} 52. Qf2+ {[%clk 0:03:07]} Ke5
{[%clk 0:14:19]} 53. Qe3+ {[%clk 0:02:21]} Kf6 {[%clk 0:14:47]} 54. g5+
{[%clk 0:02:03]} Kf5 {[%clk 0:10:22]} 55. Qh3+ {[%clk 0:02:30]} Ke5
{[%clk 0:10:47]} 56. Qe3+ {[%clk 0:02:51]} Kd5 {[%clk 0:10:26]} 57. bxc4+
{[%clk 0:03:17]} bxc4 {[%clk 0:10:52]} 58. Qd2+ {[%clk 0:03:36]} Kc6
{[%clk 0:10:42]} 59. Kc3 {[%clk 0:02:59]} Qd5 {[%clk 0:04:37]} 60. Qe3
{[%clk 0:03:08]} Kb5 {[%clk 0:02:54]} 61. Qe8+ {[%clk 0:03:19]} Kc5
{[%clk 0:02:45]} 62. Qc8+ {[%clk 0:02:51]} Kb5 {[%clk 0:02:54]} 63. Qe8+
{[%clk 0:03:12]} Kc5 {[%clk 0:03:15]} 64. Qc8+ {[%clk 0:03:39]} Kb5
{[%clk 0:03:41]} 1/2-1/2

[Event "MMK2014"]
[Site "?"]
[Date "2014.08.16"]
[Round "8.1"]
[White "Malinovsky, Karel"]
[Black "Bures, Jaroslav"]
[Result "1/2-1/2"]
[LiveChessVersion "1.4.2"]
[BlackElo "2410"]
[WhiteElo "2453"]

1. e4 {[%clk 1:29:36]} c6 {[%clk 1:30:36]} 2. d4 {[%clk 1:29:18]} d5
{[%clk 1:30:50]} 3. Nc3 {[%clk 1:29:45]} dxe4 {[%clk 1:31:17]} 4. Nxe4
{[%clk 1:30:09]} Bf5 {[%clk 1:31:45]} 5. Ng3 {[%clk 1:30:33]} Bg6
{[%clk 1:32:11]} 6. Nh3 {[%clk 1:30:59]} Nf6 {[%clk 1:32:37]} 7. Bc4
{[%clk 1:31:00]} Nbd7 {[%clk 1:33:03]} 8. Nf4 {[%clk 1:30:52]} Qc7
{[%clk 1:33:29]} 9. O-O {[%clk 1:29:26]} e6 {[%clk 1:31:31]} 10. c3
{[%clk 1:28:58]} Bd6 {[%clk 1:30:31]} 11. Qf3 {[%clk 1:29:22]} Nb6
{[%clk 1:20:32]} 12. Bb3 {[%clk 1:27:57]} Nbd5 {[%clk 1:20:57]} 13. Nxg6
{[%clk 1:26:46]} hxg6 {[%clk 1:21:25]} 14. Bg5 {[%clk 1:25:20]} Bf4
{[%clk 1:17:15]} 15. Bxf4 {[%clk 1:21:01]} Nxf4 {[%clk 1:17:42]} 16. Rfe1
{[%clk 1:13:31]} O-O-O {[%clk 1:15:43]} 17. Re5 {[%clk 1:06:27]} Rh4
{[%clk 1:08:36]} 18. Nf1 {[%clk 1:02:42]} N4d5 {[%clk 1:02:46]} 19. g3
{[%clk 0:58:48]} Rh3 {[%clk 1:00:05]} 20. Rae1 {[%clk 0:58:29]} Kb8
{[%clk 0:57:57]} 21. Bd1 {[%clk 0:52:58]} Ne7 {[%clk 0:55:51]} 22. Qf4
{[%clk 0:40:58]} Nf5 {[%clk 0:48:58]} 23. Bf3 {[%clk 0:35:19]} Nd7
{[%clk 0:46:43]} 24. R5e4 {[%clk 0:33:10]} Nf6 {[%clk 0:46:13]} 25. Re5
{[%clk 0:32:00]} Nd7 {[%clk 0:46:40]} 26. R5e4 {[%clk 0:32:25]} Nf6
{[%clk 0:47:02]} 27. Re5 {[%clk 0:32:15]} 1/2-1/2

[Event "MMK2014"]
[Site "?"]
[Date "2014.08.16"]
[Round "8.2"]
[White "Topi-Hulmi, Teemu"]
[Black "Brzeski, Maciej"]
[Result "0-1"]
[LiveChessVersion "1.4.2"]
[BlackElo "2338"]
[WhiteElo "2235"]

1. e4 {[%clk 1:30:56]} e5 {[%clk 1:30:35]} 2. Nf3 {[%clk 1:31:13]} Nc6
{[%clk 1:31:02]} 3. Bb5 {[%clk 1:31:27]} Nf6 {[%clk 1:31:26]} 4. O-O
{[%clk 1:31:11]} Nxe4 {[%clk 1:31:50]} 5. d4 {[%clk 1:28:32]} Nd6
{[%clk 1:32:07]} 6. dxe5 {[%clk 1:27:01]} Nxb5 {[%clk 1:32:29]} 7. a4
{[%clk 1:27:25]} Nbd4 {[%clk 1:32:23]} 8. Nxd4 {[%clk 1:27:47]} Nxd4
{[%clk 1:32:50]} 9. Qxd4 {[%clk 1:27:57]} d5 {[%clk 1:33:16]} 10. exd6
{[%clk 1:26:41]} Qxd6 {[%clk 1:33:41]} 11. Re1+ {[%clk 1:25:53]} Be6
{[%clk 1:33:29]} 12. Qe4 {[%clk 1:22:56]} Qb4 {[%clk 1:31:00]} 13. Nc3
{[%clk 1:21:37]} Qxe4 {[%clk 1:29:33]} 14. Nxe4 {[%clk 1:21:58]} O-O-O
{[%clk 1:27:42]} 15. Bg5 {[%clk 1:17:52]} Rd7 {[%clk 1:26:28]} 16. Rad1
{[%clk 1:16:14]} h6 {[%clk 1:23:47]} 17. Bh4 {[%clk 1:14:53]} a5 {[%clk 1:23:19]}
18. f3 {[%clk 1:10:59]} b6 {[%clk 1:22:45]} 19. b3 {[%clk 1:09:32]} Bb4
{[%clk 1:20:07]} 20. Rf1 {[%clk 1:07:45]} Rxd1 {[%clk 0:52:40]} 21. Rxd1
{[%clk 1:07:54]} f5 {[%clk 0:53:07]} 22. Nd2 {[%clk 1:06:18]} g5 {[%clk 0:53:32]}
23. Be1 {[%clk 1:05:18]} Rd8 {[%clk 0:53:54]} 24. Kf1 {[%clk 1:05:20]} f4
{[%clk 0:54:00]} 25. Ke2 {[%clk 1:03:25]} Bf5 {[%clk 0:53:51]} 26. Rc1
{[%clk 0:54:14]} Re8+ {[%clk 0:54:12]} 27. Kf1 {[%clk 0:47:04]} Ba3
{[%clk 0:50:31]} 28. Ra1 {[%clk 0:47:07]} Bb2 {[%clk 0:45:57]} 29. Rb1
{[%clk 0:46:32]} Bxc2 {[%clk 0:45:46]} 30. Rxb2 {[%clk 0:46:47]} Bd3+
{[%clk 0:46:14]} 31. Kg1 {[%clk 0:46:08]} Rxe1+ {[%clk 0:46:40]} 32. Kf2
{[%clk 0:46:32]} Re2+ {[%clk 0:47:05]} 33. Kg1 {[%clk 0:46:55]} c5
{[%clk 0:46:32]} 34. h4 {[%clk 0:45:27]} Kd7 {[%clk 0:46:54]} 35. Kh2
{[%clk 0:44:16]} Ke6 {[%clk 0:47:16]} 36. Kh3 {[%clk 0:44:34]} Kf5
{[%clk 0:47:37]} 37. g3 {[%clk 0:44:20]} fxg3 {[%clk 0:47:37]} 38. Kxg3
{[%clk 0:44:39]} gxh4+ {[%clk 0:48:00]} 39. Kxh4 {[%clk 0:44:14]} Kf4
{[%clk 0:48:26]} 0-1

[Event "MMK2014"]
[Site "?"]
[Date "2014.08.16"]
[Round "8.3"]
[White "Berezjuk, Sergej"]
[Black "Klekowski, Maciej"]
[Result "1/2-1/2"]
[LiveChessVersion "1.4.2"]
[BlackElo "2383"]
[WhiteElo "2371"]

1. e4 {[%clk 1:30:54]} c5 {[%clk 1:30:54]} 2. Nf3 {[%clk 1:31:17]} Nc6
{[%clk 1:31:21]} 3. Bb5 {[%clk 1:31:42]} g6 {[%clk 1:31:45]} 4. Bxc6
{[%clk 1:32:08]} dxc6 {[%clk 1:32:11]} 5. h3 {[%clk 1:32:31]} Bg7
{[%clk 1:32:37]} 6. d3 {[%clk 1:32:56]} Nf6 {[%clk 1:33:02]} 7. Nc3
{[%clk 1:33:19]} O-O {[%clk 1:33:25]} 8. Be3 {[%clk 1:33:45]} b6 {[%clk 1:33:50]}
9. Qd2 {[%clk 1:31:30]} Re8 {[%clk 1:34:16]} 10. O-O {[%clk 1:23:45]} Qc7
{[%clk 1:34:38]} 11. Nh2 {[%clk 1:22:59]} Rd8 {[%clk 1:08:04]} 12. Qe1
{[%clk 1:17:36]} c4 {[%clk 0:52:24]} 13. d4 {[%clk 1:14:22]} b5 {[%clk 0:49:20]}
14. a3 {[%clk 1:14:14]} a5 {[%clk 0:45:06]} 15. f4 {[%clk 1:00:48]} Rb8
{[%clk 0:41:30]} 16. e5 {[%clk 0:59:42]} Nd5 {[%clk 0:41:57]} 17. Nxd5
{[%clk 0:59:09]} Rxd5 {[%clk 0:42:03]} 18. g4 {[%clk 0:50:17]} c5
{[%clk 0:38:54]} 1/2-1/2

[Event "MMK2014"]
[Site "?"]
[Date "2014.08.16"]
[Round "8.4"]
[White "Polok, Kacper"]
[Black "Nguyen, Thai Dai Van"]
[Result "0-1"]
[LiveChessVersion "1.4.2"]
[BlackElo "2276"]
[WhiteElo "2254"]

1. e4 {[%clk 1:30:51]} c5 {[%clk 1:30:47]} 2. Nc3 {[%clk 1:31:11]} d6
{[%clk 1:31:07]} 3. f4 {[%clk 1:30:19]} Nc6 {[%clk 1:30:20]} 4. Nf3
{[%clk 1:30:33]} g6 {[%clk 1:30:31]} 5. Bb5 {[%clk 1:28:15]} Bg7 {[%clk 1:23:38]}
6. Bxc6+ {[%clk 1:28:26]} bxc6 {[%clk 1:24:02]} 7. d3 {[%clk 1:28:45]} Nf6
{[%clk 1:23:35]} 8. O-O {[%clk 1:28:19]} O-O {[%clk 1:23:30]} 9. Qe2
{[%clk 1:28:15]} Ne8 {[%clk 1:14:46]} 10. Rb1 {[%clk 1:26:07]} Nc7
{[%clk 1:13:34]} 11. e5 {[%clk 1:17:29]} Nb5 {[%clk 1:07:47]} 12. Nxb5
{[%clk 1:09:26]} cxb5 {[%clk 1:08:11]} 13. b4 {[%clk 1:09:33]} cxb4
{[%clk 1:01:11]} 14. Rxb4 Bd7 {[%clk 0:55:19]} 15. Ng5 {[%clk 0:50:21]} a5
{[%clk 0:44:55]} 16. Re4 {[%clk 0:44:38]} Bc6 {[%clk 0:40:27]} 17. Re3
{[%clk 0:44:02]} h6 {[%clk 0:40:17]} 18. Nf3 {[%clk 0:36:22]} Bxf3
{[%clk 0:34:12]} 19. Qxf3 {[%clk 0:36:29]} Rc8 {[%clk 0:33:44]} 20. Re2
{[%clk 0:29:44]} e6 {[%clk 0:29:31]} 21. Kh1 {[%clk 0:25:52]} Qd7
{[%clk 0:28:18]} 22. h4 {[%clk 0:21:46]} h5 {[%clk 0:25:03]} 23. Rg1
{[%clk 0:20:41]} Qc6 {[%clk 0:24:16]} 24. Qg3 {[%clk 0:18:52]} Qd5
{[%clk 0:22:06]} 25. Rge1 {[%clk 0:15:14]} Rc7 {[%clk 0:18:05]} 26. Ba3
{[%clk 0:12:20]} b4 {[%clk 0:17:14]} 27. c4 {[%clk 0:12:44]} Qc6 {[%clk 0:16:16]}
28. Bc1 {[%clk 0:11:23]} d5 {[%clk 0:12:30]} 29. f5 exf5 {[%clk 0:11:06]} 30.
cxd5 {[%clk 0:10:06]} Qxd5 {[%clk 0:10:54]} 31. e6 {[%clk 0:10:29]} Rb7
{[%clk 0:08:19]} 32. Bf4 {[%clk 0:09:54]} Kh7 {[%clk 0:06:05]} 33. e7
{[%clk 0:07:08]} Re8 {[%clk 0:06:29]} 34. Bg5 {[%clk 0:07:33]} a4
{[%clk 0:03:31]} 35. Re5 {[%clk 0:07:59]} Bxe5 {[%clk 0:03:19]} 36. Rxe5
{[%clk 0:08:22]} Qd6 {[%clk 0:01:40]} 37. d4 {[%clk 0:04:11]} Rexe7
{[%clk 0:00:31]} 38. Bxe7 {[%clk 0:04:00]} Rxe7 {[%clk 0:00:53]} 39. Qe1
{[%clk 0:03:38]} Rxe5 {[%clk 0:00:38]} 40. dxe5 {[%clk 0:04:03]} Qe7
{[%clk 0:00:48]} 41. Qg3 {[%clk 0:03:01]} Qe6 {[%clk 0:00:36]} 42. a3
{[%clk 0:02:18]} b3 {[%clk 0:00:33]} 43. Qc3 {[%clk 0:02:43]} Qe7
{[%clk 0:00:45]} 44. Kg1 {[%clk 0:02:32]} Qa7+ {[%clk 0:00:39]} 45. Kh2
{[%clk 0:02:09]} Qb7 {[%clk 0:00:51]} 46. Qb2 {[%clk 0:02:16]} Qe4
{[%clk 0:00:45]} 0-1

[Event "MMK2014"]
[Site "?"]
[Date "2014.08.17"]
[Round "9.1"]
[White "Jacko, Vladimir"]
[Black "Malinovsky, Karel"]
[Result "1-0"]
[LiveChessVersion "1.4.2"]
[BlackElo "2453"]
[WhiteElo "2237"]

1. e4 {[%clk 1:30:53]} d5 {[%clk 1:26:42]} 2. exd5 {[%clk 1:31:06]} Qxd5
{[%clk 1:27:05]} 3. Nc3 {[%clk 1:31:30]} Qa5 {[%clk 1:27:31]} 4. d4
{[%clk 1:31:49]} Nf6 {[%clk 1:27:55]} 5. Bd2 {[%clk 1:32:01]} Bg4
{[%clk 1:28:17]} 6. f3 {[%clk 1:30:48]} Bf5 {[%clk 1:27:58]} 7. Bc4
{[%clk 1:29:01]} c6 {[%clk 1:26:31]} 8. g4 {[%clk 1:22:44]} Bg6 {[%clk 1:23:15]}
9. f4 {[%clk 1:23:08]} h5 {[%clk 1:15:52]} 10. f5 {[%clk 1:18:16]} Bh7
{[%clk 1:16:19]} 11. g5 {[%clk 1:18:02]} Nfd7 {[%clk 1:15:44]} 12. Bxf7+
{[%clk 0:57:01]} Kxf7 {[%clk 1:16:01]} 13. g6+ {[%clk 0:57:28]} Ke8
{[%clk 1:15:23]} 14. gxh7 {[%clk 0:57:53]} Qxf5 {[%clk 1:15:46]} 15. Qe2
{[%clk 0:57:09]} Qxc2 {[%clk 1:11:42]} 16. Nf3 {[%clk 0:49:21]} Na6
{[%clk 1:04:43]} 17. Ng5 {[%clk 0:29:54]} Nf6 {[%clk 0:57:34]} 18. O-O
{[%clk 0:21:09]} Nc7 {[%clk 0:56:53]} 19. Rae1 {[%clk 0:19:27]} Rd8
{[%clk 0:56:01]} 20. Nce4 {[%clk 0:15:02]} Rxd4 {[%clk 0:51:08]} 21. Nxf6+
{[%clk 0:11:48]} gxf6 {[%clk 0:51:29]} 22. Qxh5+ {[%clk 0:11:16]} Kd7
{[%clk 0:50:15]} 23. Bc3 {[%clk 0:11:18]} fxg5 {[%clk 0:31:22]} 24. Bxd4
{[%clk 0:11:36]} Rxh7 {[%clk 0:31:46]} 25. Qg4+ {[%clk 0:10:46]} e6
{[%clk 0:32:09]} 26. Rf2 {[%clk 0:07:52]} Qc4 {[%clk 0:32:15]} 27. Rxf8
{[%clk 0:03:11]} Rh4 {[%clk 0:31:34]} 28. Rd8+ {[%clk 0:03:29]} 1-0

[Event "MMK2014"]
[Site "?"]
[Date "2014.08.17"]
[Round "9.2"]
[White "Nguyen, Thai Dai Van"]
[Black "Mikrut, Dariusz"]
[Result "1/2-1/2"]
[LiveChessVersion "1.4.2"]
[BlackElo "2363"]
[WhiteElo "2276"]

1. e4 {[%clk 1:30:54]} c5 {[%clk 1:26:01]} 2. Nf3 {[%clk 1:31:11]} a6
{[%clk 1:26:16]} 3. Nc3 {[%clk 1:24:26]} d6 {[%clk 1:26:37]} 4. d4
{[%clk 1:24:52]} cxd4 {[%clk 1:27:03]} 5. Nxd4 {[%clk 1:25:19]} Nf6
{[%clk 1:26:51]} 6. Be2 {[%clk 1:25:44]} e5 {[%clk 1:27:16]} 7. Nb3
{[%clk 1:26:11]} Be7 {[%clk 1:27:42]} 8. O-O {[%clk 1:26:33]} O-O
{[%clk 1:28:01]} 9. Be3 {[%clk 1:26:05]} Be6 {[%clk 1:26:47]} 10. Nd5
{[%clk 1:26:27]} Nbd7 {[%clk 1:26:42]} 11. Qd3 {[%clk 1:26:49]} Bxd5
{[%clk 1:26:41]} 12. exd5 {[%clk 1:27:14]} a5 {[%clk 1:22:51]} 13. a4
{[%clk 1:16:27]} Nc5 {[%clk 1:22:11]} 14. Nxc5 {[%clk 1:15:10]} dxc5
{[%clk 1:22:34]} 15. Bf3 {[%clk 1:12:55]} Qc7 {[%clk 1:22:15]} 16. c4
{[%clk 0:56:38]} Bd6 {[%clk 1:20:21]} 17. g3 {[%clk 0:54:01]} g6 {[%clk 1:17:24]}
18. Rae1 {[%clk 0:47:03]} Nd7 {[%clk 1:16:55]} 19. Bg2 {[%clk 0:45:56]} f5
{[%clk 1:17:10]} 20. f4 {[%clk 0:40:28]} Rae8 {[%clk 1:14:50]} 21. Qd2
{[%clk 0:37:02]} Re7 {[%clk 1:03:50]} 22. b3 {[%clk 0:31:41]} e4 {[%clk 1:00:43]}
23. h4 {[%clk 0:18:55]} h5 {[%clk 0:58:48]} 24. Qc3 {[%clk 0:16:31]} Ree8
{[%clk 0:57:07]} 25. Bd2 {[%clk 0:15:26]} b6 {[%clk 0:57:30]} 26. Qe3
{[%clk 0:15:10]} Be7 {[%clk 0:57:48]} 27. Bc3 {[%clk 0:15:25]} Bf6
{[%clk 0:58:06]} 28. Bxf6 {[%clk 0:12:41]} Nxf6 {[%clk 0:58:25]} 29. Bh3
{[%clk 0:13:04]} Qd6 {[%clk 0:58:37]} 30. Rf2 {[%clk 0:12:13]} Re7
{[%clk 0:58:50]} 31. Rfe2 {[%clk 0:12:18]} Nd7 {[%clk 0:58:36]} 32. Qc3
{[%clk 0:11:51]} Rfe8 {[%clk 0:58:48]} 33. Re3 {[%clk 0:12:14]} Nb8
{[%clk 0:59:00]} 34. Bf1 {[%clk 0:11:41]} Rd8 {[%clk 0:58:56]} 35. Be2
{[%clk 0:11:01]} Kf7 {[%clk 0:58:39]} 36. Kf2 {[%clk 0:10:47]} Nd7
{[%clk 0:58:32]} 37. Rf1 {[%clk 0:09:26]} Nf6 {[%clk 0:58:33]} 38. Rd1
{[%clk 0:09:00]} Ke8 {[%clk 0:58:52]} 39. Ke1 {[%clk 0:08:32]} Nd7
{[%clk 0:57:18]} 40. Kd2 {[%clk 0:06:47]} Nf6 {[%clk 0:57:17]} 41. Ke1
{[%clk 0:06:14]} Kf7 {[%clk 0:57:25]} 42. Kd2 {[%clk 0:05:25]} Nd7
{[%clk 0:57:38]} 43. Kc2 {[%clk 0:05:34]} Nb8 {[%clk 0:57:26]} 44. Kb2
{[%clk 0:04:57]} Rg8 {[%clk 0:57:16]} 45. Kb1 {[%clk 0:05:10]} Nd7
{[%clk 0:57:35]} 46. Kb2 {[%clk 0:05:33]} Ke8 {[%clk 0:57:54]} 47. Kb1
{[%clk 0:05:31]} Kd8 {[%clk 0:58:18]} 48. Kb2 {[%clk 0:05:58]} Kc7
{[%clk 0:58:44]} 49. Rh1 {[%clk 0:05:41]} Nf6 {[%clk 0:58:19]} 50. Rd1
{[%clk 0:06:01]} Rd8 {[%clk 0:58:06]} 51. Rh1 {[%clk 0:06:03]} Kb7
{[%clk 0:58:22]} 52. Rd1 {[%clk 0:06:28]} Nd7 {[%clk 0:58:23]} 53. Rh1
{[%clk 0:06:01]} Nb8 {[%clk 0:58:47]} 54. Kb1 {[%clk 0:05:50]} Na6
{[%clk 0:59:09]} 55. Kb2 {[%clk 0:06:18]} Nb4 {[%clk 0:59:32]} 56. Rf1
{[%clk 0:03:55]} Rdd7 {[%clk 0:59:49]} 57. Rh1 {[%clk 0:04:13]} Re8
{[%clk 0:59:55]} 58. Rf1 {[%clk 0:04:19]} Qf8 {[%clk 0:59:55]} 59. Re1
{[%clk 0:04:14]} Qe7 {[%clk 0:59:15]} 60. Rd1 {[%clk 0:03:58]} Qd8
{[%clk 0:58:59]} 61. Re1 {[%clk 0:01:20]} Kb8 {[%clk 0:57:34]} 62. Rf1
{[%clk 0:01:17]} Qe7 {[%clk 0:56:37]} 63. Re1 {[%clk 0:00:49]} Qg7
{[%clk 0:53:25]} 64. Qxg7 {[%clk 0:01:02]} Rxg7 {[%clk 0:53:51]} 65. Kb1
{[%clk 0:00:34]} Kc7 {[%clk 0:53:41]} 66. Kb2 {[%clk 0:01:01]} Rd8
{[%clk 0:53:49]} 67. Bf1 {[%clk 0:00:37]} Rgd7 {[%clk 0:54:07]} 68. Be2
{[%clk 0:00:34]} Ra8 {[%clk 0:54:13]} 69. Ra1 {[%clk 0:00:32]} Kb7
{[%clk 0:53:08]} 70. Bf1 {[%clk 0:00:50]} Rad8 {[%clk 0:53:22]} 71. Rae1
{[%clk 0:00:55]} Kc7 {[%clk 0:53:41]} 72. Rc1 {[%clk 0:00:33]} Rh8
{[%clk 0:53:38]} 73. Rce1 {[%clk 0:00:39]} Ra8 {[%clk 0:53:51]} 74. Ra1
{[%clk 0:01:01]} Kd6 {[%clk 0:53:47]} 75. Be2 {[%clk 0:01:13]} Ke7
{[%clk 0:54:02]} 76. Bf1 {[%clk 0:01:35]} Kd6 {[%clk 0:54:15]} 77. Be2
{[%clk 0:02:01]} Rda7 {[%clk 0:54:39]} 78. Rd1 {[%clk 0:01:41]} Rd8
{[%clk 0:54:54]} 79. Bf1 {[%clk 0:00:36]} Kc7 {[%clk 0:53:59]} 80. Ra1
{[%clk 0:00:40]} Na6 {[%clk 0:53:08]} 81. Be2 {[%clk 0:00:56]} Nb8
{[%clk 0:53:15]} 82. Rd1 {[%clk 0:00:52]} Rd6 {[%clk 0:53:35]} 83. Ra1
{[%clk 0:01:08]} Nd7 {[%clk 0:53:59]} 84. Kc2 {[%clk 0:00:48]} Ra8
{[%clk 0:54:14]} 85. Kb2 {[%clk 0:00:35]} Nf6 {[%clk 0:54:18]} 86. Bd1
{[%clk 0:00:32]} Ng8 {[%clk 0:53:56]} 87. Be2 {[%clk 0:00:57]} Ne7
{[%clk 0:54:23]} 88. Bf1 {[%clk 0:01:04]} Rad8 {[%clk 0:54:18]} 89. Rc1
{[%clk 0:00:47]} Ng8 {[%clk 0:54:16]} 90. Be2 {[%clk 0:00:57]} Nf6
{[%clk 0:54:31]} 91. Bd1 {[%clk 0:01:19]} Nd7 {[%clk 0:54:26]} 92. Be2
{[%clk 0:01:41]} Nb8 {[%clk 0:54:53]} 93. Bf1 {[%clk 0:02:00]} Na6
{[%clk 0:55:16]} 94. Rce1 {[%clk 0:01:56]} Nb4 {[%clk 0:55:24]} 95. Be2
{[%clk 0:02:10]} Ra8 {[%clk 0:55:12]} 96. Ra1 {[%clk 0:02:33]} Rad8
{[%clk 0:53:21]} 97. Re1 {[%clk 0:02:51]} R8d7 {[%clk 0:53:47]} 98. Rc1
{[%clk 0:03:04]} 1/2-1/2

[Event "MMK2014"]
[Site "?"]
[Date "2014.08.17"]
[Round "9.4"]
[White "Brzeski, Maciej"]
[Black "Berezjuk, Sergej"]
[Result "1-0"]
[LiveChessVersion "1.4.2"]
[BlackElo "2371"]
[WhiteElo "2338"]

1. e4 {[%clk 1:30:58]} e6 {[%clk 1:27:51]} 2. d4 {[%clk 1:31:21]} d5
{[%clk 1:28:20]} 3. Nd2 {[%clk 1:31:44]} Nf6 {[%clk 1:28:37]} 4. e5
{[%clk 1:32:08]} Nfd7 {[%clk 1:28:51]} 5. c3 {[%clk 1:32:05]} c5 {[%clk 1:29:13]}
6. f4 {[%clk 1:32:02]} Nc6 {[%clk 1:29:29]} 7. Ndf3 {[%clk 1:32:20]} Qb6
{[%clk 1:29:18]} 8. g3 {[%clk 1:28:55]} cxd4 {[%clk 1:28:38]} 9. cxd4
{[%clk 1:29:18]} Bb4+ {[%clk 1:27:16]} 10. Kf2 {[%clk 1:29:26]} f6
{[%clk 1:23:22]} 11. Kg2 {[%clk 1:26:27]} O-O {[%clk 1:23:15]} 12. Bd3
{[%clk 1:25:14]} Be7 {[%clk 1:19:54]} 13. Ne2 {[%clk 1:25:01]} Rf7
{[%clk 1:17:05]} 14. a3 {[%clk 1:05:05]} Nf8 {[%clk 1:13:55]} 15. b4
{[%clk 1:04:41]} Bd7 {[%clk 1:13:31]} 16. Be3 {[%clk 1:04:28]} Rc8
{[%clk 1:11:52]} 17. Qd2 {[%clk 1:04:03]} a6 {[%clk 1:10:51]} 18. Rhc1
{[%clk 0:53:27]} Na7 {[%clk 1:09:53]} 19. Nc3 {[%clk 0:53:16]} Qd8
{[%clk 1:05:32]} 20. h4 {[%clk 0:47:05]} Qe8 {[%clk 1:02:36]} 21. h5
{[%clk 0:46:13]} f5 {[%clk 1:00:06]} 22. Ng5 {[%clk 0:41:43]} Bxg5
{[%clk 0:59:21]} 23. fxg5 {[%clk 0:42:11]} g6 {[%clk 0:58:42]} 24. h6
{[%clk 0:41:37]} Nb5 {[%clk 0:53:09]} 25. Ne2 {[%clk 0:40:23]} Na7
{[%clk 0:51:53]} 26. Nc3 {[%clk 0:31:06]} Qd8 {[%clk 0:46:16]} 27. a4
{[%clk 0:30:04]} Be8 {[%clk 0:44:26]} 28. b5 {[%clk 0:28:51]} a5 {[%clk 0:37:53]}
29. Ne2 {[%clk 0:29:00]} b6 {[%clk 0:37:55]} 30. Rxc8 {[%clk 0:27:07]} Nxc8
{[%clk 0:36:27]} 31. Rc1 {[%clk 0:24:00]} Rc7 {[%clk 0:36:47]} 32. Rxc7
{[%clk 0:23:46]} Qxc7 {[%clk 0:37:16]} 33. Qc1 {[%clk 0:24:06]} Qxc1
{[%clk 0:35:43]} 34. Bxc1 {[%clk 0:24:32]} Nd7 {[%clk 0:35:51]} 35. Ba3
{[%clk 0:23:13]} Kf7 {[%clk 0:34:23]} 36. Nf4 {[%clk 0:23:27]} Ne7
{[%clk 0:28:12]} 37. g4 {[%clk 0:23:32]} Nf8 {[%clk 0:27:09]} 38. gxf5
{[%clk 0:21:47]} gxf5 {[%clk 0:27:16]} 39. Be2 {[%clk 0:21:48]} Neg6
{[%clk 0:21:15]} 40. Bh5 {[%clk 0:21:06]} Kg8 {[%clk 0:21:15]} 41. Bxg6
{[%clk 0:21:04]} Nxg6 {[%clk 0:21:29]} 42. Nxe6 {[%clk 0:20:52]} Bf7
{[%clk 0:21:35]} 43. Nc7 {[%clk 0:19:49]} Nf4+ {[%clk 0:21:39]} 44. Kf3
{[%clk 0:10:38]} Nh3 {[%clk 0:20:10]} 45. Be7 {[%clk 0:10:10]} Bh5+
{[%clk 0:19:09]} 46. Kg3 {[%clk 0:10:23]} Ng1 {[%clk 0:19:26]} 47. e6
{[%clk 0:10:23]} Ne2+ {[%clk 0:19:26]} 48. Kh4 {[%clk 0:10:33]} Bg6
{[%clk 0:19:16]} 49. Bf6 {[%clk 0:08:59]} Nc3 {[%clk 0:19:38]} 50. Kg3
{[%clk 0:08:38]} Ne2+ {[%clk 0:15:42]} 51. Kf2 {[%clk 0:09:02]} Nc3
{[%clk 0:16:07]} 52. Ke3 {[%clk 0:09:21]} f4+ {[%clk 0:11:59]} 53. Kxf4
{[%clk 0:09:38]} 1-0

[Event "MMK2014"]
[Site "?"]
[Date "2014.08.17"]
[Round "9.5"]
[White "Bures, Jaroslav"]
[Black "Topi-Hulmi, Teemu"]
[Result "1-0"]
[LiveChessVersion "1.4.2"]
[BlackElo "2235"]
[WhiteElo "2410"]

1. d4 d5 2. c4 c6 3. Nf3 Nf6 4. Nc3 dxc4 5. a4 Bf5 6. e3 e6 7. Bxc4 Bb4 8. O-O
Nbd7 9. Qe2 Bg6 10. e4 O-O 11. Bd3 Rc8 12. Rd1 Qa5 13. Na2 Be7 14. Bf4 a6 15. b4
Qb6 16. a5 Qa7 17. h3 Bd8 18. Nc3 Bc7 19. Bxc7 Rxc7 20. Na4 Qb8 21. Ne5 Nxe5 22.
dxe5 Nd7 23. f4 f6 24. Bc4 Bf7 25. f5 Re8 26. fxe6 Bxe6 27. Bxe6+ Rxe6 28. Qa2
Qe8 29. Rd6 Kf7 30. exf6 gxf6 31. Rad1 c5 32. Qd5 cxb4 33. Rxd7+ Rxd7 34. Qxd7+
Qxd7 35. Rxd7+ Kg6 36. Rxb7 Rxe4 37. Nc5 Re1+ 38. Kh2 Ra1 39. Nxa6 Rxa5 40. Nxb4
h5 41. Nc2 Ra2 42. Nd4 Rd2 43. Nf3 Ra2 44. Rb5 Re2 45. Kg3 Ra2 46. Nh4+ Kh6 47.
Nf5+ Kg6 48. Ne7+ Kh6 49. Nd5 Ra3+ 50. Kh2 Kg5 51. Rb6 f5 52. Rb4 h4 53. Nf4 Re3
54. Kg1 Ra3 55. Ne6+ Kf6 56. Nd4 1-0